| 000 | 00384nam a22001097a 4500 | ||
|---|---|---|---|
| 999 |
_c62528 _d62528 |
||
| 005 | 20241129102504.0 | ||
| 008 | 241129b xxu||||| |||| 00| 0 geo d | ||
| 080 | _a008 | ||
| 245 | _aმზია | ||
| 856 |
_uhttps://books.google.fm/books?id=sPmPZHFUE5cC&printsec=frontcover&source=gbs_atb#v=onepage&q&f=true _yელექტრონული ვერსია |
||
| 942 |
_2udc _cBK |
||